Organisation, administration and functions of higher education : (Record no. 143002)

MARC details
000 -LEADER
fixed length control field 00704nam a22002057a 4500
005 - DATE AND TIME OF LATEST TRANSACTION
control field 20170731150519.0
010 ## - LCCN (DPL NO)
LC control number ENG-119478
020 ## - INTERNATIONAL STANDARD BOOK NUMBER
Terms of availability 2200.00
International Standard Book Number 9788176295841
035 ## - SYSTEM CONTROL NUMBER
System control number EN-103010
037 ## - SOURCE OF ACQUISITION
Source of stock number/acquisition DBAD/PUB
082 ## - DEWEY DECIMAL CLASSIFICATION NUMBER
Classification number 378
100 ## - MAIN ENTRY--PERSONAL NAME
Personal name Goel,Aruna
245 ## - TITLE STATEMENT
Title Organisation, administration and functions of higher education :
Statement of responsibility, etc by Aruna Goel [and] S.L. Goel
Remainder of title exploring spirituality in Indian corporate /
260 ## - PUBLICATION, DISTRIBUTION, ETC. (IMPRINT)
Place of publication, distribution, etc New Delhi
Name of publisher, distributor, etc Deep and Deep Publications
Date of publication, distribution, etc 2011
270 ## - ADDRESS
Address F-159,Rajouri Garden
City New Delhi
Postal code 110027
300 ## - PHYSICAL DESCRIPTION
Extent xii,147p.
Dimensions 22cm(Hb)
500 ## - GENERAL NOTE
General note Includes bibliographical references and index
700 ## - ADDED ENTRY--PERSONAL NAME
Personal name Goel,S.L.
942 ## - ADDED ENTRY ELEMENTS (KOHA)
Source of classification or shelving scheme Dewey Decimal Classification
Item type English Books
Call number suffix GOE
Classification part 378
Holdings
Withdrawn status Lost status Not for loan Collection code Home library Current library Date acquired Source of acquisition Cost, normal purchase price Full call number Barcode Copy number Cost, replacement price Koha item type
      Non-fiction Narela Narela 31/07/2017 DBAD/PUB 2200.00 378 GOE EN-103010 1 2200.00 English Books

© Delhi Public Library
Hit Counter
free hit counter